Lieux par lettre - A - Statistiques

Statistiques générales
  • Ce quiz a été pris 2 163 fois
  • Le résultat moyen est 11 sur 22
Statistiques - réponses
Indice Lieu % Correct
Pays contrôlé par les talibans depuis 2021 Afghanistan
87%
Ville de Socrate et Platon Athènes
81%
Pays ayant l'émeu pour oiseau national Australie
77%
Île antique engloutie par les flots Atlantide
74%
Vaste péninsule du Moyen-Orient Arabie
71%
Dans son port, « y'a des marins qui chantent » Amsterdam
70%
Continent le plus méridional Antarctique
70%
Prison où fut détenu Sirius Black Azkaban
70%
Pays d'origine de Schwarzy Autriche
67%
Ville américaine qui accueillit les Jeux Olympiques d'été de 1996 Atlanta
65%
Elle abritait la plus célèbre bibliothèque de l'antiquité Alexandrie
60%
Communauté autonome du Sud de l'Espagne Andalousie
55%
Commune la plus peuplée de Belgique Anvers
53%
Galaxie spirale la plus proche de la Voie Lactée Andromède
45%
Une des provinces du Canada Alberta
32%
Asile où le Joker est emprisonné Arkham
31%
Domaine des dieux nordiques Asgard
31%
Royaume d'Elsa, la Reine des Neiges Arendelle
23%
Émirat arabe, dont le nom signifie "Père de la gazelle" Abou Dabi
22%
Ancien nom de l'Éthiopie Abyssinie
19%
Planète détruite par l'Étoile de la Mort Alderaan
11%
Île arthurienne, où fut forgée Excalibur Avalon
10%
Aucun quiz correspondant
Distribution des résultats
% des personnes avec chaque résultat
Percentile par nombre de réponses
Votre historique - résultats
Vous n’avez pas pris ce quiz